| 000 | 00741nam a22002411 4500 | ||
|---|---|---|---|
| 001 | 279386 | ||
| 005 | 20240818092921.0 | ||
| 008 | 831201s1964 enka b 000 0 eng | ||
| 010 | _a 64021578 | ||
| 040 |
_aDLC/ICU _cICU _dDLC |
||
| 050 | 0 | 0 |
_aQC176 _b.Z53 |
| 082 | 0 | 0 |
_a530 _222 _bZIM |
| 100 | 1 |
_aZiman, J. M. _q(John M.), _d1925- _96720 |
|
| 245 | 1 | 0 |
_aPrinciples of the Theory of solids/ _cby J.M. Ziman. |
| 260 |
_aCambridge, _bUniversity Press, _c1964. |
||
| 300 |
_axiii, 360 p.: _bill. ; _c24 cm. |
||
| 504 | _aBibliography: p. 347-351. | ||
| 650 | 0 |
_aSolid state physics. _96721 |
|
| 942 |
_2ddc _cBB _hRDA-MOD |
||
| 999 |
_c11968 _d11968 |
||
| 336 |
_2rdacontent _atext _btxt |
||
| 337 |
_aunmediated _2rdamedia _bn |
||
| 338 |
_avolume _bnc _2rdacarrier |
||